00811nam a2200241 a 450000100060000000300080000600500170001400800410003102000150007203500190008704000250010604100080013108200230013924501100016226000400027230000280031250400510034065000130039165100380040465100380044270000340048070000550051427424BD-RjUL20211209051143.0140325t19731972enkb b 001 0 eng d a0715606395 a(BD-RjUL)27498 aLCbengcLCdBD-RjUL aeng00a301.2964bARA 197300aArabs and Berbers :bfrom tribe to nation in North Africa /cedited by Ernest Gellner and Charles Micaud. aLondon :bDuckworth,cc1972 [1973]. a448 p. :bmaps.c24 cm. aIncludes bibliographical references and index. 0aBerbers. 0aMoroccoxPolitics and government. 0aAlgeriaxPolitics and government.1 aGellner, Ernest,d1925-,eed.1 aMicaud, Charles A.q(Charles Antoine),d1910-1974.